Quizzes
Events
Quiz Creation
Community
Videos
Private Events
Remove Ads
Sign In
Join for FREE
Feedback
Dark Mode
Quiz Categories
Sports
Geography
Music
Movies
Television
Just For Fun
Miscellaneous
History
Literature
Language
Science
Gaming
Entertainment
Religion
Holiday
For Kids
Quiz Lab
Recent
Popular Today
Quiz Kudos Today
Editor Picks
Curator Picks
Quizzes by...
Day
Popularity
Type
Ratings
Length
Year
Community
Subscriptions
Recent Discussions
Orange Saloon
Badges
Playlists
Quests
Create
Leaderboards
Showdown
Live 5
Trivia Bingo
Activity
Puzzle Library
Sporcle Events
Private Events
Virtual Trivia
Globe League
Become a Host
Pub Owners
SporcleCon
Opinionation
Our Games
Videos
Blog
Mobile Apps
Partnerships
Remove Ads and Go Orange
Feedback
Television
TV Characters
TV Show
Sitcom
Network
Friends
Reality Shows
Cast
South Park
Star Trek
The Simpsons
Doctor Who
Television
TV Characters
TV Show
Sitcom
Network
Friends
Reality Shows
Cast
South Park
Star Trek
The Simpsons
Doctor Who
Random Quiz
Search Sporcle
×
Quiz Lab
Quiz Lab
Television
Doctor Who
Type in answers that appear in a list
Type in answers that appear in a list
Classic
Best Score? Go Orange.
Doctor Who Items Stats
Can you name the items from Doctor Who?
By
jencon117
18m
53 Questions
113 Plays
113 Plays
113 Plays
Comments
Comments
Give Quiz Kudos
Give Quiz Kudos
-
- Ratings
hide this ad
Replay
Link that replays current quiz
Next Quiz
Link to next quiz in quiz playlist
You Got
0%
They Got
Avg Score
37%
Avg Friend Score
Upgrade to see
Score Distribution
Jump to the score distribution portion of the page
Score
0/53
Timer
18:00
0
Plays Today
Description
Item
% Correct
Used to see 'void stuff'
3-D glasses
84.1%
The Doctor's ship
TARDIS
77.9%
The Doctor's main tool and defensive weapon; it doesn't work on wood
Sonic Screwdriver
73.5%
Used to store the memories and biology of a Time Lord; engraved with Gallifreyan symbols
Fob watch
63.7%
Type of locking mechanism that a sonic device cannot open
Deadlock seal
62.8%
A component of a TARDIS which allows it to change shape to match its surroundings and remain inconspicuous
Chameleon Circuit
60.2%
The Doctor's favourite candy
Jelly Babies
57.5%
Weapon that can kill with a directed laser beam or artificially age a target
Laser Screwdriver
56.6%
Chula nanotechnology which can heal damaged tissue
Nanogenes
55.8%
A more primitive form a time-
travel technology; a 'space hopper'
Vortex Manipulator
55.8%
The material out of which Dalek casing is made
Dalekanium
53.1%
Allows the holder to show people whatever he wants them to see
Psychic paper
52.2%
Mobile phone satellite network
Archangel Network
51.3%
A detector of temporal disturbances; 'goes ding when there's stuff'
'Timey-Wimey' Detector
47.8%
A device used to disintegrate clothing
Defabricator
46.9%
Ancient particles from the Dark Times
Huon Particles
46.9%
Device created by the Daleks to disrupt the electrical bond between all atoms in every form of matter
Reality Bomb
46.9%
Device built by the Master to prevent temporal consequences
Paradox Machine
46%
An item intended to screen the wearer from certain kinds of detection
Biodamper
44.2%
Priming device controlled by UNIT for a series of 25 nuclear warheads placed beneath the Earth's crust at strategic points
Osterhagen Key
44.2%
Rewrites biology
Chameleon Arch
42.5%
Diary kept by the 10th Doctor's human persona, John Smith
A Journal of Impossible Things
42.5%
A perfect uncut diamond only found on Gallifrey
White point star
42.5%
A Time Lord antidote to many poisons; the 5th Doctor keeps it handy
Celery
41.6%
A prison ship created by the Time Lords to store millions of captured Daleks
Genesis Ark
40.7%
A handheld weapon from the 51st century, produced in the weapon factories of Villengard, that can disintegrate as well as reintegrate its targets
Sonic Blaster
39.8%
A gap in the fabric of reality that allows one to look directly into the Time Vortex
Untempered Schism
39.8%
Description
Item
% Correct
Telepathic effect that misdirects the senses around itself or the person using it
Perception filter
38.9%
Used by Dr River Song to confuse guards
Hallucinogenic lipstick
36.3%
Small ball that illuminates and floats when thrown in the air
Gravity globe
34.5%
Highly explosive device inside a carbonised shell
Warp star
31.9%
Cylindrical memory bank
Infostamp
29.2%
Diamond owned by Prince Albert and Queen Victoria
Koh-i-Noor Diamond
28.3%
A supercomputer used by the High Council of the Time Lords as a storehouse of knowledge and to predict future events
Matrix
28.3%
An explosive substance created by Ace
Nitro-9
27.4%
A red coloured liquid used to clog machinery or gears
Anti-oil
23.9%
An artificially created black hole made by Omega, used by the Time Lords as a power source for time travel
Eye of Harmony
23%
Powerful and mythic artefact which the Guardians of Time used to maintain control over universal order and chaos
Key to Time
23%
A device which disperses matter, transmits it to and then reconstitutes it in another location
Transmat
23%
Spiralling insignia that serves as a logo for the Time Lords
Seal of Rassilon
22.1%
Used to predict the weather
Bazoolium
21.2%
Small time-
travelling device worn on wrist or finger
Time ring
21.2%
Negates the weight of items to which it is attached
Magnaclamp
17.7%
Allows communication through anything with a speaker grille
Om-Com
16.8%
'A pan-
dimensional surfboard'
Tribophysical waveform macro-kinetic extrapolator
16.8%
Used to determine the presence, magnitude and direction of gravity in a given area
Field Gravity Detector (Yo-Yo)
15%
A Gallifreyan artefact that allows access to the Matrix, the repository of all Time Lord knowledge
Key of Rassilon
15%
Poisonous weapon of the Sevateem, used by Leela
Janis thorn
11.5%
The Master's trademark weapon; drastically shrinks bodies until life functions cease
Tissue Compression Eliminator
11.5%
Contain forbidden knowledge from the Dark Time of Gallifrey
Black Scrolls of Rassilon
10.6%
A Time Lord weapon that can remove its target from space-
time altogether
De-mat gun
10.6%
An ore used primarily in computers and as spaceship fuel
Trisilicate
8.8%
A component of TARDIS circuitry that bridges between the outerplasmic shell and the internal space of the ship's interior
Relative Dimensional Stabiliser
4.4%
Quiz Playlist
Details
Report
Send in Message
Add To Playlist
Classic:
Type in answers that appear in a list
Last Updated: Feb 16, 2017
Quiz Scoreboard
CHALLENGE
Sign Up to Join the Scoreboard
Show All
Scores
Hide
Comments
May contain spoilers
Recently Published
NBA Finals Game Top Scorers (2010s)
by flibbidy
Sports
5m
Guess the 'R' Things in 3 Words
by MSUKent
Miscellaneous
3m
Actor to Badly Drawn Movie III
by MoMosMoProblems
Movies
5m
More to Explore
Quiz From the Vault
Featured Blog Post
Where Does Lost Luggage Go?
hide this ad
You Might Also Like...
Tags
Doctor Who Quiz
bbc
dalek
sci-fi
Technology
The Master
Time Travel
Today's Top Quizzes in Television
Browse Television
hide this ad
Today's Top Quizzes in Doctor Who
Browse Doctor Who
Top Contributed Quizzes in Television
1
Hidden Simpsons Character
2
First Name TV: Leading Men
3
Hidden Simpsons Character II
4
Hidden Simpsons Character III
5
First Name TV: Leading Women Drama
6
Hidden Simpsons Character IV
7
Hidden Simpsons Character V
8
Hidden Simpsons Character VI
9
Hidden Simpsons Character VII
10
Pick A Pair: Religious TV
Explore More
Trending Topics
Anime
Disney
Marvel
Crossword
Harry Potter
Kpop
NBA
WWE
Country
NFL
Pokémon
Puzzle
The Office
Soccer
Song
hide this ad
More By:
jencon117
Quiz
Plays
Rating
Category
Featured
Created
Disney Character Movie Match
409,767
4.67
Movies
Jul 7, 2014
Disney Lyrics: Let It Go
245,670
4.50
Music
Dec 4, 2013
Disney Character Movie Match II
109,467
4.42
Movies
Jul 7, 2015
According to Netflix: TV Comedies
95,533
4.50
Television
Jul 22, 2015
According to Netflix: Animated Features
89,961
4.66
Movies
Jul 20, 2015
Go to Creator's Profile
Score Distribution
Quiz Creator Spotlight
jencon117
Follow
Send a Message
Quizzes Created
-
Created Quiz Play Count
-
More By This Creator
Popular Quizzes Today
1
Find the US States - No Outlines Minefield
2
Find the US States
3
The Countries of the World
4
10 Largest US States in Order
5
Find the Countries of Europe - No Outlines Minefield
6
US States
7
Guess the 'R' Things in 3 Words
8
NBA Finals Game Top Scorers (2010s)
More Television Quizzes
Kamen Rider Geats - Raise Buckles
Quiz Lab
Trending Quizzes
First Name TV: Leading Men
Match the Book to the Film II
First Name TV: Leading Women Drama
Match the Book to the Film VI
Pick A Pair: Religious TV
Recently Updated
Women's Final Four Teams by Year
bhenderson79
Presidents Quartet II
eogle
Anything But Clue(do)
eogle
Anything But Oceanian Capitals
eogle
Anything But 7
eogle
Anything But Thing
eogle
Word Ladder: February 29
pecheneg
Song Title Questions
pecheneg
Women's NCAA Tournament #1 Seeds
pecheneg
Celebrity Mug Shots
pecheneg
Trending Topics
Crossword
Anime
Harry Potter
Kpop
Marvel
Disney
NBA
Song
NFL
Country
Pokémon
WWE
Soccer
Puzzle
The Office
Your Account Isn't Verified!
In order to create a playlist on Sporcle, you need to verify the email address you used during registration. Go to your
Sporcle Settings
to finish the process.
Report this User
Report this user for behavior that violates our
Community Guidelines
.
Details:
Send Report
Go to the Sporcle.com Mobile Site →
Comments